Countries With Penguins - Statistics

General Stats
  • This quiz has been taken 26 times
  • The average score is 8 of 10
Answer Stats
Total Country % Correct
2,3 mil Argentina
100%
435,000 Australia
100%
13 mil Chile
95%
550,000 New Zealand
95%
60,000 South Africa
95%
10,000 Brazil
76%
8,500 Uruguay
71%
1,2 mil Falkland Islands
67%
36,000 Namibia
62%
3,000 Peru
52%
No matching quizzes found
Score Distribution
Percent of People with Each Score
Percentile by Number Answered
Your Score History
You have not taken this quiz